| 000 | 00580 a2200157 4500 | ||
|---|---|---|---|
| 999 |
_c329914 _d329914 |
||
| 003 | NUST | ||
| 005 | 20170622125349.0 | ||
| 008 | 170531b xxu||||| |||| 00| 0 eng d | ||
| 020 | _a9789693512304 | ||
| 040 |
_aDLC _bDLC _cNUST |
||
| 082 |
_a891.4397 _bSHA |
||
| 100 |
_aShafiq-ur-Rehman _91675 |
||
| 245 |
_aDareechy _cShafiq-ur-Rehman |
||
| 260 |
_aLahore: _bSang-e-meel Publications, _c2009. |
||
| 300 |
_a224 p. ; _c20 cm. |
||
| 500 | _aSatire | ||
| 546 | _aIn Urdu | ||
| 650 |
_aUrdu Literature--Satire. _91676 |
||
| 880 |
_aدریچے _6245-02\(3\r _cشفیق الرحمٰن |
||
| 880 |
_aشفیق الرحمٰن _6100-01\(3\r |
||
| 880 |
_aلاہور: _6260-03\(3\r _bسنگ میل پبلی کیشنز، _c2009 |
||
| 942 |
_cBK _2ddc |
||